Classical mythology ; an annotated bibliographical survey /

Bibliographic Details
Main Author: Peradotto, John, 1933-
Corporate Author: American Philological Association
Format: Book
Language:English
Published: [Urbana, Ill.] : American Philological Association; [1973]
Series:Bibliographical guides (American Philological Association)
Subjects:

MARC

Tag First Indicator Second Indicator Subfields
LEADER 00000cam a2200000 4500
001 in00000014074
005 20151007052132.0
008 731016s1973 ilu b 00110 eng d
035 |a (OCoLC)00718651 
035 |9 AAA6424AM 
040 |a CSU  |c CSU  |d m.c.  |d OCL  |d FUG  |d TXA  |d UtOrBLW 
049 |a TXAM  |c [A08553965] 
050 4 |a Z7836  |b .P47 1981 
100 1 |a Peradotto, John,  |d 1933- 
245 1 0 |a Classical mythology ;  |b an annotated bibliographical survey /  |c by John Peradotto. 
264 1 |a [Urbana, Ill.] :  |b American Philological Association;  |c [1973] 
264 2 |a Chico, Calif. :  |b Distributed by Scholars Press, 
264 3 |c 1981 printing 
264 4 |c ©1973 
300 |a 76 pages ;  |c 23 cm. 
336 |a text  |b txt  |2 rdacontent 
337 |a unmediated  |b n  |2 rdamedia 
338 |a volume  |b nc  |2 rdacarrier 
490 1 |a Bibliographical guides / American Philological Association 
650 0 |a Mythology, Classical  |x Bibliography. 
710 2 |a American Philological Association. 
830 0 |a Bibliographical guides (American Philological Association) 
999 |a MARS 
999 f f |s 6de7ac4b-efcf-327c-90b7-ea764d7f7525  |i 290ce121-4375-36ae-bd08-fac3043117e8  |t 0 
952 f f |p ric  |a Texas A&M University  |b Rellis Campus  |c Joint Library Facility  |d Remote Storage  |t 0  |e Z7836 .P47 1981  |h Library of Congress classification  |i unmediated -- volume  |m A14808553965 
998 f f |a Z7836 .P47 1981  |t 0  |l Remote Storage